| 000 | 00470nam a2200145 a 4500 | ||
|---|---|---|---|
| 001 | 000036531 | ||
| 005 | 20200930075801.0 | ||
| 008 | 120119s2006 es abd 000 0 spa d | ||
| 020 | _a8496515117 | ||
| 040 |
_aDO-SdBNP _bspa _cBNPHU |
||
| 100 | 1 |
_aRodés Teixidor, Juan _962784 |
|
| 245 | 1 | 0 |
_aPublic health : _bthe challenges of a new century / _ceditor Juan Rodés Teixidor. |
| 260 |
_aBilbao : _bFundación BBVA, _c2006. |
||
| 300 |
_a242 p. : _bil., gráf., mapas ; _c26 cm. |
||
| 999 |
_c36022 _d36022 |
||